000 00617nam a2200205Ia 4500
005 20250923144717.0
008 008 250917s9999 xx 000 0 eng d
037 _aTextual
040 _aDSWL
_beng
_cDSWL
041 _aeng
_2eng
084 _aXM25,8(J)z7, J7
_qDSWL
100 _aAbrahamsen, Martin A.
_9827623
245 0 _aAgricultral Co-operation
_cby Martin A. Abrahamsen
260 _aMinneapols
_bMinneapols University of Minnerota Press
_c1957
300 _aivx,576p.
365 _aINR
_b87.5
925 _g87.5
942 _cTEXL
_hXM25,8(J)z7, J7
999 _c1442370
_d1442370